| 000 | 01149cam a2200265 a 4500 | ||
|---|---|---|---|
| 005 | 20260205122849.0 | ||
| 008 | 970604s1998 cou b 000 0 eng | ||
| 020 | _a0813367190 | ||
| 040 |
_aKABLIB _cKABLIB _erda |
||
| 082 | 0 | 0 |
_a303.6 _223 _bLIM |
| 245 | 1 | 4 |
_aThe limits of social cohesion : _bconflict and mediation in pluralist societies : a report of the Bertelsmann Foundation to the Club of Rome / _cedited by Peter L. Berger. |
| 260 |
_aBoulder, Colo. : _bWestview Press, _c1998. |
||
| 300 |
_axii, 396 p. ; _c23 cm. |
||
| 504 | _aIncludes bibliographical references (p. 384-391). | ||
| 650 | 0 |
_aSocial conflict. _915257 |
|
| 650 | 0 |
_aSocial norms. _915258 |
|
| 650 | 0 |
_aConflict management. _99164 |
|
| 650 | 0 |
_aMediation. _915259 |
|
| 700 | 1 |
_aBerger, Peter L., _d1929-2017. _915260 |
|
| 710 | 2 |
_aBertelsmann Stiftung (Gütersloh, Germany) _915261 |
|
| 856 | 4 | 2 |
_3Contributor biographical information _uhttp://www.loc.gov/catdir/enhancements/fy0833/97025243-b.html |
| 856 | 4 | 2 |
_3Publisher description _uhttp://www.loc.gov/catdir/enhancements/fy0833/97025243-d.html |
| 906 |
_a7 _bcbc _corignew _d1 _eocip _f19 _gy-gencatlg |
||
| 942 |
_2ddc _cBOOK |
||
| 999 |
_c6034 _d6034 |
||